00514 2200193 4500001002100000005001500021035002000036008004100056245008700097100002400184250000600208260003800214300001200252084001400264082000800278650001000286990001200296990001200308INLIS00000000000130820240517010900 a0010-0524000543240517 1 ind 1 aAbout You And Me ( Karena Cinta Adalah Tentang Kau dan Aku ) /cRina Kartomisastro aKartomisastro, Rina a1 aYogyakarta :bSheila/ Andi,c2015 a314 hlm a813 RIN a a813 4aFiksi a0741458 a0741459